| 000 | 00570nam a22002057a 4500 | ||
|---|---|---|---|
| 003 | OSt | ||
| 005 | 20251010130936.0 | ||
| 008 | 251010b |||||||| |||| 00| 0 eng d | ||
| 020 | _a9789356064676 | ||
| 040 | _cDDC | ||
| 082 | _a621.38 OPP 2022 | ||
| 100 |
_aOppenheim, Alan V. ; Verghese, George C _912798 |
||
| 245 | _aSignals, Systems and Interrence | ||
| 260 |
_aU.S.A. _bPearson, 2022 |
||
| 300 | _a604P. Ill: 23cm | ||
| 504 | _aBibliography, & index included | ||
| 650 |
_aSignals _911662 |
||
| 650 |
_aSystems and Interrence _919453 |
||
| 942 |
_2ddc _cO_SHELF |
||
| 999 |
_c9558 _d9558 |
||